Estadísticas para Países en Hexágonos del Mapa Mundial

Haz click aquí para tomar la prueba!

Estadísticas generales

  • Esta prueba ha sido tomada 13.782 veces
  • La puntuación promedio es 130 de 144

Respuestas en el mapa

Las respuestas están codificadas por una escala verde-roja en el mapa de la prueba según el % correcto abajo.
 

Estadísticas de respuestas

País% Correcto
Antigua y Barbuda | Bahamas | Barbados | Colombia | Cuba | Dominica | Estados Unidos | Francia | Granada | Haití | Jamaica | Países Bajos | República Dominicana | San Cristóbal y Nieves | San Vicente y las Granadinas | Santa Lucía | Trinidad y Tobago | Venezuela
99%
Bahamas | Belice | Cuba | Estados Unidos | Guatemala | Jamaica | México
99%
Canadá | Estados Unidos
99%
Estados Unidos | México
99%
Afganistán | Armenia | Azerbaiyán | Georgia | Irak | Irán | Kazajistán | Rusia | Turkmenistán | Turquía | Uzbekistán
98%
Alemania | Andorra | Austria | Bélgica | Ciudad del Vaticano | España | Francia | Italia | Liechtenstein | Luxemburgo | Mónaco | Reino Unido | San Marino | Suiza
98%
Alemania | Austria | Bielorrusia | Bosnia y Herzegovina | Croacia | Eslovaquia | Eslovenia | Hungría | Italia | Letonia | Lituania | Moldavia | Polonia | República Checa | Rumania | Rusia | Serbia | Suecia | Ucrania
98%
Argelia | España | Malí | Marruecos | Mauritania
98%
Argentina | Bolivia | Brasil | Chile | Paraguay | Perú
98%
Argentina | Brasil | Paraguay | Uruguay
98%
Armenia | Azerbaiyán | Bulgaria | Georgia | Irán | Moldavia | Rumania | Rusia | Turquía | Ucrania
98%
Belice | Colombia | Costa Rica | El Salvador | Guatemala | Honduras | México | Nicaragua | Panamá | Venezuela
98%
Bielorrusia | Estonia | Finlandia | Letonia | Rusia | Ucrania
98%
Bolivia | Brasil
98%
Bolivia | Brasil | Colombia | Perú
98%
Brasil
98%
Brasil | Colombia | Guyana | Perú | Surinam | Trinidad y Tobago | Venezuela
98%
Brasil | Francia | Surinam
98%
Canadá
98%
Canadá | Dinamarca
98%
China | Corea del Norte | Corea del Sur | Japón | Rusia
98%
China | Japón | Rusia
98%
China | Kazajistán | Mongolia | Rusia
98%
China | Mongolia | Rusia
98%
Estonia | Finlandia | Letonia | Noruega | Rusia | Suecia
98%
Finlandia | Noruega | Rusia
98%
Kazajistán | Rusia
98%
Kazajistán | Rusia | Uzbekistán
98%
Mongolia | Rusia
98%
Rusia
98%
Afganistán | China | India | Irán | Nepal | Pakistán | Tayikistán | Turkmenistán | Uzbekistán
97%
Argelia | España | Libia | Marruecos | Túnez
97%
Argentina | Chile | Reino Unido
97%
Argentina | Chile | Uruguay
97%
Bangladés | Bután | China | India | Myanmar | Nepal
97%
España | Marruecos | Portugal
97%
Guatemala | México
97%
Afganistán | China | Kazajistán | Kirguistán | Tayikistán | Turkmenistán | Uzbekistán
96%
Alemania | Bélgica | Dinamarca | Noruega | Países Bajos | Reino Unido | Suecia
96%
Australia | Indonesia | Papua Nueva Guinea
96%
Australia | Indonesia | Timor Oriental
96%
Camboya | China | Laos | Myanmar | Tailandia | Vietnam
96%
China | Filipinas | Taiwán
96%
China | Mongolia
96%
China | Myanmar
96%
Colombia | Ecuador | Perú
96%
Estados Unidos
96%
Albania | Bosnia y Herzegovina | Bulgaria | Croacia | Egipto | Grecia | Italia | Kosovo | Libia | Macedonia del Norte | Malta | Montenegro | Rumania | Serbia | Túnez | Turquía
95%
Australia
95%
Australia | Nueva Zelanda
95%
India | Indonesia | Myanmar | Sri Lanka | Tailandia
95%
Arabia Saudita | Chipre | Egipto | Irak | Irán | Israel | Jordania | Kuwait | Líbano | Siria | Turquía
94%
Arabia Saudita | Egipto | Eritrea | Etiopía | Somalia | Sudán | Sudán del Sur | Yemen | Yibuti
94%
Argelia | Chad | Egipto | Libia | Níger | Sudán
94%
Botsuana | Madagascar | Malaui | Mozambique | Suazilandia | Sudáfrica | Zimbabue
94%
India | Maldivas | Sri Lanka
94%
India | Pakistán
94%
Camerún | Chad | Níger | Nigeria | República Centroafricana | República Democrática del Congo | Sudán | Sudán del Sur
93%
Dinamarca | Islandia
93%
Botsuana | Lesoto | Namibia | Sudáfrica
92%
Etiopía | Kenia | República Democrática del Congo | Somalia | Sudán | Sudán del Sur | Tanzania | Uganda
92%
Afganistán | Arabia Saudita | Baréin | Catar | Emiratos Árabes Unidos | Irán | Kuwait | Omán | Pakistán | Yemen
91%
Comoras | Francia | Kenia | Malaui | Mozambique | República Democrática del Congo | Tanzania | Zambia
91%
Francia | Madagascar | Mauricio
91%
Angola | Burundi | Camerún | Gabón | República Centroafricana | República del Congo | República Democrática del Congo | Ruanda | Tanzania | Uganda
90%
Argelia | Benín | Burkina Faso | Ghana | Malí | Mauritania | Níger | Nigeria | Togo
90%
Irlanda | Reino Unido
89%
Perú
89%
Angola | Botsuana | Mozambique | Namibia | República Democrática del Congo | Zambia | Zimbabue
88%
Brunéi | Camboya | Indonesia | Malasia | Singapur | Tailandia | Vietnam
88%
Burkina Faso | Cabo Verde | Costa de Marfil | Gambia | Guinea | Guinea-Bissau | Liberia | Malí | Mauritania | Senegal | Sierra Leona
88%
Dinamarca
86%
Benín | Burkina Faso | Camerún | Costa de Marfil | Gabón | Ghana | Guinea Ecuatorial | Liberia | Nigeria | Santo Tomé y Príncipe | Togo
85%
Estados Federados de Micronesia | Indonesia | Palaos
85%
Etiopía | Omán | Somalia | Yemen
84%
Indonesia
83%
Indonesia | Timor Oriental
83%
Japón
80%
Filipinas | Malasia | Palaos
79%
Nueva Zelanda
79%
Fiyi | Francia | Tonga | Vanuatu
75%
Fiyi | Islas Salomón | Kiribati | Tuvalu | Vanuatu
73%
Chile
71%
Estados Federados de Micronesia | Islas Salomón | Nauru | Papua Nueva Guinea
70%
Francia | Islas Salomón | Vanuatu
69%
Estados Federados de Micronesia | Islas Marshall
63%
Islas Marshall | Kiribati
62%
Cabo Verde
61%
Kiribati
56%
Seychelles
51%
Angola
48%
Samoa | Tonga
48%
Portugal
45%
Islas Marshall
41%

Distribución de puntuación

Porcentaje por número respondido

Porcentaje de gente con cada puntuación

Historial de tus puntuaciones

No has tomado esta prueba